| 000 | 00988nam a2200241 a 4500 | ||
|---|---|---|---|
| 001 | BRCA_517 | ||
| 005 | 20190320203038.0 | ||
| 008 | 990304s1999 moua---##b---#000-0#eng-# | ||
| 020 | _a0891780807 | ||
| 040 |
_aDLC _cDLC |
||
| 050 | 4 |
_aNK806 _b.C62 1999 |
|
| 100 | 1 |
_aConradsen, David H. _91776 |
|
| 245 | 1 | 0 |
_aUseful beauty _bearly American decorative arts from St. Louis collections _cDavid H. Conradsen ; with a foreword by Patricia E. Kane. |
| 260 |
_aSt. Louis, Missouri _bThe Museum _c1999 |
||
| 300 |
_a124 p. _bil. a color _c31 cm. |
||
| 500 | _aCatálogo de la exposición realizada en The Saint Louis Art Museum, 19 junio - 15 agosto 1999 | ||
| 504 | _aBibliografía: p. 123-124 | ||
| 650 | 1 | 4 |
_aArtes decorativas _vExposiciones _ySiglo XVIII _zEstados Unidos _91777 |
| 650 | 1 | 4 |
_aMuebles americanos _vExposiciones _ySiglo XVIII _91778 |
| 650 | 1 | 4 |
_aArtes decorativas _xColecciones privadas _ySiglo XVIII _zSt. Louis Missouri _91779 |
| 700 | 1 |
_aKane, Patricia E _91780 |
|
| 942 |
_2lcc _cB |
||
| 999 |
_c449 _d449 |
||